Testovanie a kontrola nivelačných prístrojov

Salvato in:
Dettagli Bibliografici
Autore principale: Baráthová, Mária (Autore)
Altri autori: Ježko, Ján (Relatore della tesi)
Natura: Manoscritto Libro
Lingua:slovacco
Pubblicazione: 2016
Soggetti:
Accesso online:http://is.stuba.sk/zp/portal_zp.pl?podrobnosti=131397
https://opac.crzp.sk/?fn=detailBiblioForm&sid=FFEED6484134604A3A79ACB88729
Tags: Aggiungi Tag
Nessun Tag, puoi essere il primo ad aggiungerne!!

MARC

LEADER 00000ntm a22000003a 4500
001 stuzp56854
003 SK-STU
005 20230615105710.1
007 ta
008 150427s2015----xo-----f-mn---000-0-slo-d
040 |a STU  |b slo 
041 0 |a slo 
100 1 |a Baráthová, Mária  |u 010140  |4 aut  |U SvF Stavebná fakulta  |T SvF Katedra geodézie  |X 73297  |U V140  |Y 14  |7 73297 
242 0 1 |a Testing and control of level instruments  |y eng 
245 1 0 |a Testovanie a kontrola nivelačných prístrojov 
260 |c 2016 
650 4 |a spracovanie nameraných údajov  |2 slo 
650 4 |a Nivelačný prístroj  |2 slo 
650 4 |a testovanie podľa STN ISO 17123-2  |2 slo 
650 4 |a testing according to technical standard ISO 17123-2  |2 eng 
650 4 |a processing of measured data  |2 eng 
650 4 |a levels  |2 eng 
700 1 |a Ježko, Ján  |u 010140  |k Z1  |4 ths  |U SvF Stavebná fakulta  |T SvF Katedra geodézie  |X 881  |U V140  |Y 14  |7 A000000881 
856 4 |u http://is.stuba.sk/zp/portal_zp.pl?podrobnosti=131397 
856 4 |u https://opac.crzp.sk/?fn=detailBiblioForm&sid=FFEED6484134604A3A79ACB88729 
SQL |a stuzp56854  |b DBP  |c SLO  |d Testovanie a kontrola nivelačných prístrojov  |e 73297  |f Baráthová, Mária  |g 010140  |h 881  |i Ježko, Ján  |j 20160621  |k 1245  |l 01  |m http://is.stuba.sk/zp/portal_zp.pl?podrobnosti=131397  |n B-GKK  |o 5.1.3. geodézia a kartografia